Weather or not to change? (Record no. 66780)

MARC details
000 -LEADER
fixed length control field 01132cam a2200229 4500
001 - CONTROL NUMBER
control field ABS63795
008 - FIXED-LENGTH DATA ELEMENTS--GENERAL INFORMATION
fixed length control field 000000n2001 000 0 eng u
035 ## - SYSTEM CONTROL NUMBER
System control number (Sirsi) u112136
100 ## - MAIN ENTRY--PERSONAL NAME
Personal name Guldberg, H.
245 ## - TITLE STATEMENT
Title Weather or not to change?
260 ## - PUBLICATION, DISTRIBUTION, ETC.
Date of publication, distribution, etc. 2001
490 ## - SERIES STATEMENT
Series statement Architects' Journal
Volume/sequential designation 213(1) 8 March 2001, 45(2)
520 ## - SUMMARY, ETC.
Summary, etc. Criticises the report by the Foundation for the Built Environment, "Potential Implications of Climate Change in the Built Environment". Argues the UK climate predictions contained in the report are over dramatic and not based on scientific predictions. For example, many studies have shown that the British weather has not become more extreme. Concludes that the resulting design recommendations to the construction and finance industries is not properly considered and cannot be used as a balanced guide for future construction plans
590 ## - LOCAL NOTE (RLIN)
Local note ABS
650 ## - SUBJECT ADDED ENTRY--TOPICAL TERM
Topical term or geographic name entry element FOUNDATION FOR THE BUILT ENVIRONMENT
650 ## - SUBJECT ADDED ENTRY--TOPICAL TERM
Topical term or geographic name entry element WEATHER FORECASTING
650 ## - SUBJECT ADDED ENTRY--TOPICAL TERM
Topical term or geographic name entry element CLIMATE CHANGE
650 ## - SUBJECT ADDED ENTRY--TOPICAL TERM
Topical term or geographic name entry element ARCHITECTS' PLANS
650 ## - SUBJECT ADDED ENTRY--TOPICAL TERM
Topical term or geographic name entry element BUILDING DEVELOPMENT
690 ## - LOCAL SUBJECT ADDED ENTRY--TOPICAL TERM (OCLC, RLIN)
Topical term or geographic name as entry element BUILT ENVIRONMENT
942 ## - ADDED ENTRY ELEMENTS (KOHA)
Suppress in OPAC 0
Holdings
Withdrawn status Lost status Source of classification or shelving scheme Damaged status Not for loan Home library Current library Shelving location Date acquired Total Checkouts Full call number Barcode Date last seen Copy number Price effective from Koha item type
    Dewey Decimal Classification     London London Journal article 24/04/2001   ABS63795 112136-1001 06/08/2019 1 06/08/2019 Journal article